000 01437cam a2200241 4500500
005 20260412001147.0
041 _afre
042 _adc
100 1 0 _aAykut, Stefan C.
_eauthor
700 1 0 _aManiglier, Patrice
_eauthor
245 0 0 _aPrendre les COP au sérieux. Entretien avec Stefan Aykut
260 _c2026.
500 _a4
520 _aStefan Aykut est un des meilleurs connaisseurs des COP. Sociologue de la diplomatie climatique, auteur, avec Amy Dahan d’un livre qui constitue la référence majeure sur le sujet (Gouverner le climat, Vingt ans de négociations climatiques, paru en 2015-mais qui connaîtra une suite début 2026), il répond ici aux questions de Patrice Maniglier. Il est question de la COP de Belém, mais aussi, plus généralement, de la signification des COP pour ce grand enjeu de notre temps qu’est la mise en place (ou non) de « politiques d’atterrissage ». Que veut dire « prendre au sérieux » ces événements? Que nous apprennent-ils sur notre monde? Un éclairage mesuré et précis qui sait aussi prendre de la hauteur…
690 _a#CLIMAT
690 _a#COP
690 _a#DIPLOMATIE
690 _a#PARLER POLITIQUE
690 _a#TERRESTRE
690 _aDÉBATS
786 0 _nLes Temps qui restent | 7 | 3 | 2026-02-20 | p. 240-249 | 3038-0464
856 4 1 _uhttps://shs.cairn.info/revue-les-temps-qui-restent-2025-3-page-240?lang=fr&redirect-ssocas=7080
999 _c2211297
_d2211297